Les plus grandes villes des Alpes françaises sur une carte - Statistiques

Statistiques générales
  • Ce quiz a été pris 504 fois
    496 depuis la dernière actualisation
  • Le résultat moyen est 13 sur 25
Réponses sur la Carte
Les réponses sont colorées sur une échelle allant du rouge au vert en fonction du pourcentage des utilisateurs qui les ont devinées à leur premier essai. Vous pouvez retrouver ces pourcentages ci-dessous.
 
Statistiques - réponses
Population Unité urbaine % Correct
450 501 Grenoble
96%
175 790 Annecy
95%
606 494 Nice
94%
190 279 Chambéry
93%
41 361 Gap
84%
76 895 Thonon-les-Bains
78%
69 007 Menton
77%
11 554 Chamonix-Mont-Blanc
74%
16 683 Briançon
69%
17 304 Digne-les-Bains
69%
39 406 Albertville
66%
9 401 Saint-Jean-de-Maurienne
49%
9 657 Bourg-Saint-Maurice
42%
90 111 Cluses
38%
30 741 Manosque
37%
45 359 Sallanches
37%
15 444 Apt
30%
8 716 Ugine
24%
9 433 Pontcharra
22%
9 756 Thônes
22%
20 211 Vizille
18%
14 301 Crest
17%
11 319 Crolles
15%
10 311 Vif
15%
14 554 Allevard
14%
Aucun quiz correspondant
Distribution des résultats
% des personnes avec chaque résultat
Percentile par nombre de réponses
Votre historique - résultats
Vous n’avez pas pris ce quiz depuis la dernière actualisation